مكتبة جامعة عجلون الوطنية

فهرس بحث المكتبة

التربية الوطنية / (Record no. 33963)

MARC details
000 -LEADER
fixed length control field 01018nam a22002297a 4500
003 - CONTROL NUMBER IDENTIFIER
control field JO-AjAnu
005 - DATE AND TIME OF LATEST TRANSACTION
control field 20250723112810.0
008 - FIXED-LENGTH DATA ELEMENTS--GENERAL INFORMATION
fixed length control field 250723b jo ||||| |||| 00| 0 ara d
040 ## - CATALOGING SOURCE
Original cataloging agency JO-AjAnu
Language of cataloging ara
Transcribing agency JO-AjAnu
Modifying agency JO-AjAnu
Description conventions rda
041 ## - LANGUAGE CODE
Language code of text/sound track or separate title ara
Language code of original ara
050 ## - LIBRARY OF CONGRESS CALL NUMBER
Classification number DS153.4.G4252
Item number 2012
100 #1 - MAIN ENTRY--PERSONAL NAME
Personal name غرايبة، خليف مصطفى
Relator term مؤلف
9 (RLIN) 66627
245 #0 - TITLE STATEMENT
Title التربية الوطنية /
Statement of responsibility, etc. تأليف خليف مصطفى غرايبة، احمد عارف الكفارنة، احمد محمد ربيع، محمد علي عكاشة المومني
250 ## - EDITION STATEMENT
Edition statement الطبعة الثالثة
260 ## - PUBLICATION, DISTRIBUTION, ETC.
Place of publication, distribution, etc. اربد :
Name of publisher, distributor, etc. المركز القومي للنشر،
Date of publication, distribution, etc. 2012
300 ## - PHYSICAL DESCRIPTION
Extent 234 صفحة
650 70 - SUBJECT ADDED ENTRY--TOPICAL TERM
Topical term or geographic name entry element التربية الوطنية
9 (RLIN) 66628
700 #1 - ADDED ENTRY--PERSONAL NAME
Personal name الكفارنة، احمد عارف
Relator term مؤلف مشارك
9 (RLIN) 66629
700 #1 - ADDED ENTRY--PERSONAL NAME
Personal name المومني، محمد علي عكاشة
Relator term مؤلف مشارك
9 (RLIN) 66631
700 #1 - ADDED ENTRY--PERSONAL NAME
Personal name ربيع، احمد محمد
Relator term مؤلف مشارك
9 (RLIN) 66630
942 ## - ADDED ENTRY ELEMENTS (KOHA)
Source of classification or shelving scheme Library of Congress Classification
Koha item type Books
Suppress in OPAC No
Holdings
Withdrawn status Lost status Source of classification or shelving scheme Damaged status Not for loan Home library Current library Date acquired Total Checkouts Full call number Barcode Date last seen Price effective from Koha item type
    Library of Congress Classification     مكتبة جامعة عجلون الوطنية مكتبة جامعة عجلون الوطنية 23/07/2025   DS153.4.G4252 2012 a30247 23/07/2025 23/07/2025 Books